| 000 | 01737nam a2200385 a 4500 | ||
|---|---|---|---|
| 001 | 000016538 | ||
| 003 | DO-SdBNP | ||
| 005 | 20250607073643.0 | ||
| 007 | ta | ||
| 008 | 100308s2000 dr f000 0 spa d | ||
| 020 | _z99934818 | ||
| 040 |
_aDO-SdBNP _bspa _cBNPHU |
||
| 041 | _hspa | ||
| 082 | 4 |
_a362.11 _bR426e _222 |
|
| 110 | 1 |
_aRepública Dominicana. _b Secretaria de Estado de Salud Pública y Asistencia Social (2001) _956549 |
|
| 245 | 1 | 0 |
_aEvaluación proceso reforma y modernización del sector salud en la República Dominicana. / _cPresentación Juan Octavio Ceballos Castillo. |
| 260 |
_aSanto Domingo : _bSESPAS, _c2000. |
||
| 300 |
_a106 p. ; _c23 cm. |
||
| 500 | _aIncluye lista de siglas , pg. 5-6 | ||
| 504 | _aBibliografía: p. 101-106 | ||
| 505 | 0 | _aPresentación. | |
| 505 | 0 | _aMétodo de trabajo. | |
| 505 | 0 | _aResumen ejecutivo. | |
| 505 | 0 |
_a1. El contexto : _t- contexto político. - contexto económico. - contexto social. |
|
| 505 | 0 |
_a2. La salud del ambiente : _t- la situación de la salud ambiental. - la organización del sector. |
|
| 505 | 0 |
_a3. El sistema de atención de salud a las personas : _t- organización general : recursos.- funciones. |
|
| 505 | 0 |
_a4. seguimiento y evaluación de la reforma y modernización sectorial. _t- marco conceptual - seguimiento del proceso. - evaluación de resultados. |
|
| 505 | 0 |
_a5. Conclusiones y recomendaciones. _t- conclusiones. - recomendaciones. |
|
| 590 | _aInventariado, 2018/ YL | ||
| 650 | 4 |
_aServicios de salud _xRepública dominicana _936785 |
|
| 650 | 0 |
_aPolítica sanitaria _zRepública Dominicana _91344 |
|
| 700 | 1 | 2 |
_aCeballos Castillo, Juan Octavio _936786 |
| 910 | _aValidado. Control de calidad MFF | ||
| 942 |
_2ddc _cLBS1 |
||
| 999 |
_c16071 _d16071 |
||